Elizabethan monopolies : the history of the Company of Mineral and Battery Works from 1565 to 1604 /

Bibliographic Details
Main Author: Donald, M. B. (Maxwell Bruce), 1897-
Format: Book
Language:English
Published: Edinburgh : Oliver and Boyd, 1961.
Subjects:

MARC

Tag First Indicator Second Indicator Subfields
LEADER 00000cam a2200000Ia 4500
001 in00000040782
005 20151007064648.0
008 720329s1961 stkabf b 001 0 eng
010 |a  62034187  
015 |a GB61-21867 
029 1 |a UKM  |b b6121867 
035 |a (OCoLC)ocm00272630 
035 |9 AAE0338AM 
040 |a DLC  |c WSU  |d SER  |d SLU  |d UKM  |d MUQ  |d TXA  |d UtOrBLW 
043 |a e-uk--- 
049 |a TXAM 
050 0 0 |a HD9506.G74  |b C63 
082 0 4 |a 338.476710942  |2 18 
090 |a HD9506.G74  |b C63 1961 
100 1 |a Donald, M. B.  |q (Maxwell Bruce),  |d 1897- 
245 1 0 |a Elizabethan monopolies :  |b the history of the Company of Mineral and Battery Works from 1565 to 1604 /  |c by M.B. Donald. 
264 1 |a Edinburgh :  |b Oliver and Boyd,  |c 1961. 
300 |a xv, 256 pages, 10 unnumbered leaves of plates :  |b illustrations, maps ;  |c 23 cm. 
336 |a text  |b txt  |2 rdacontent 
337 |a unmediated  |b n  |2 rdamedia 
338 |a volume  |b nc  |2 rdacarrier 
504 |a Bibliography: pages [xiii]-xv. 
500 |a Includes indexes. 
610 2 0 |a Company of Mineral and Battery Works. 
650 0 |a Patent laws and legislation  |z Great Britain  |x History. 
610 2 6 |a Company of Mineral and Battery Works. 
650 6 |a Brevets d'invention  |x Droit  |z Grande-Bretagne. 
994 |a C0  |b TXA 
999 |a MARS 
999 f f |s 1a293be4-1433-3c81-b118-fba95949ea9a  |i d4fe0a69-e3b3-3888-8673-b6b8f509a690  |t 0 
952 f f |p normal  |a Texas A&M University  |b College Station  |c Sterling C. Evans Library  |d Evans: Library Stacks  |t 0  |e HD9506.G74 C63 1961  |h Library of Congress classification  |i unmediated -- volume  |m A14833248032 
998 f f |a HD9506.G74 C63 1961  |t 0  |l Evans: Library Stacks